Theory of integro-differential equations

Αποθηκεύτηκε σε:
Λεπτομέρειες βιβλιογραφικής εγγραφής
Κύριος συγγραφέας: Lakshmikantham, V.
Άλλοι συγγραφείς: Rao, M.Rama Mohana
Μορφή: Βιβλίο
Γλώσσα:English
Δημοσίευση: Switzerland ; Australia : Gordon & Breach science publishers, c1995
Σειρά:Stability and control ; ; 1
Θέματα:
Ετικέτες: Προσθήκη ετικέτας
Δεν υπάρχουν, Καταχωρήστε ετικέτα πρώτοι!

MARC

LEADER 00000nam a2200000 i 4500
001 1/99797
008 000310s1995 eng d
020 |a 2-88449-000-0 
035 |l 10057026 
040 |a GR-MY-UA  |b gre  |e aacr 
041 0 |a eng 
082 0 |a 515.353 
100 1 |a Lakshmikantham, V. 
245 1 0 |a Theory of integro-differential equations /  |c V. Lakshmikantham and M. Rama Mohana Rao 
260 |a Switzerland ; Australia :   |b Gordon & Breach science publishers,   |c c1995 
300 |a x, 362 p.;  |c 25 cm. 
490 1 |a Stability and control  |v ; 1 
504 |a Includes index and bibliography 
650 0 0 |a Integro-differential equations. 
650 0 0 |a Differential equations. 
700 1 |a Rao, M.Rama Mohana. 
830 0 |a Stability and control ;  |v ; 1 
852 |a INST  |b SAMOS  |e 20000310  |h 515.353 LAK  |p 005300024042  |q 005300024042  |t BK  |y 0 
901 |a BIBL3-2000-1 
909 |a Σ  |b 073247 
922 |a 3ΕΛΗ  |b 199912  |c ΚΠΣ  |d GLORY 
950 |a 116-1998-08-10 
970 |a ΓΕΝΟΥΖΟΥ  |b ΧΡΥΣΑΝΘΗ  |z 2000/03/10